000 00753nam a2200253Ia 4500
008 160319s9999 xx 000 0 und d
050 _a959.9
050 _b H693p 1991
100 _aHoefer, Hans Johannes
245 _aPhilippines /
245 _c created and designed by Hans Johannes Hoefer ; written by Sylvia Mayuga ... [et al.] ; edited by Theon Banos Cross.
250 _a1st ed.
260 _bAPA Publications
260 _c1991
300 _a330 p. :
300 _bcol. ill. ;
300 _c23 cm.
440 _aInsight guides ; 7.
500 _aIncludes index. Bibliography: p. 302.
650 _aPhilippines -- Guidebooks.
700 _aCross, Theon Banos
700 _aHoefer, Hans .
700 _aMayuga, Sylvia  
999 _c292254
_d292254